000
00340 a2200169 4500
001
70066
020
_a
9788520616804
040
_c
Anchieta - Itaigara
100
_a
França, Mary
240
1
0
_a
O baile
_l
por
245
1
0
_a
O baile
300
_a
16
362
0
_a
2014
440
1
_a
Global
650
4
_a
Literatura infantil
942
_c
BK
999
_c
70066
_d
70066